Countries with Top 30 Military - Statistics

General Stats
  • This quiz has been taken 35 times
  • The average score is 6 of 17
Answers on the Grid
Answers color-coded by a green-red scale on the quiz's grid according to % correct below.
India
North Korea
Spain
Thailand
Iraq
France
Egypt
South Africa
Mexico
Germany
Singapore
Sweden
Greece
Bangladesh
Serbia
Russia
Paraguay
Australia
Vietnam
Pakistan
Mongolia
Morocco
Malaysia
Taiwan
Japan
Columbia
South Korea
Saudi Arabia
New Zealand
Vatican City
 
Answer Stats
Answer % Correct
India
100%
Pakistan
47%
France
42%
Russia
42%
Japan
37%
Saudi Arabia
37%
South Korea
37%
Taiwan
37%
Egypt
32%
Spain
32%
Germany
26%
Thailand
26%
Australia
21%
Vietnam
16%
Greece
11%
Sweden
11%
Singapore
5%
No matching quizzes found
Score Distribution
Percent of People with Each Score
Percentile by Number Answered
Your Score History
You have not taken this quiz